Parki Narodowe w Stanach Zjednoczonych - Nagła Śmierć - Statystyki

Ogólne statystyki
  • Ten quiz został rozwiązany 53 razy
  • Średni wynik to 7 z 20
Answers on the Grid
Answers color-coded by a green-red scale on the quiz's grid according to % correct below.
Acadia
Adirondack
Arches
Big Sur
Cape Cod
Denali
Devils Tower
Doliny Śmierci
Everglades
Glacier
Golden Gate
Gór Białych
Gór Skalistych
Grand Teton
Great Smoky Mountains
Hot Springs
Jaskini Mamuciej
Jeziora Tahoe
Joshua Tree
Jukon
Mesa Verde
Mount Rainier
Pustyni Mojave
Shenandoah
Sierra Nevada
Sleeping Bear Dunes
White Sands
Wielkiego Jeziora Słonego
Wielkiego Kanionu
Wodospadu Niagara
Yellowstone
Yosemite
Zion
 
Statystyki odpowiedzi
Odpowiedź % Poprawnych
Yellowstone
67%
Everglades
56%
Gór Skalistych
56%
Yosemite
56%
Doliny Śmierci
50%
Arches
44%
Great Smoky Mountains
44%
Wielkiego Kanionu
44%
Denali
39%
Glacier
39%
Acadia
33%
Mount Rainier
33%
Grand Teton
28%
Hot Springs
28%
Jaskini Mamuciej
28%
Joshua Tree
28%
Zion
28%
Shenandoah
17%
Mesa Verde
11%
White Sands
11%
Nie znaleziono quizów pasujących do podanych kryteriów
Rozkład punktacji
Procent ludzi z każdym wynikiem
Percentyl według liczby udzielonych odpowiedzi
Twoja historia wyników
Nie rozwiązałeś tego quizu